[Event "elllobregat Open-A 2019"]
[Site "El Prat de Llobregat"]
[Date "2019.12.06"]
[Round "4.4"]
[White "Bartel, Mateusz"]
[Black "Erenberg, Ariel"]
[Result "1/2-1/2"]
[WhiteElo "2634"]
[BlackElo "2479"]
[Annotator "RC"]
[PlyCount "76"]
[EventDate "2019.12.03"]
[EventType "swiss"]
[EventCountry "ESP"]
[SourceTitle "playchess.com"]
[Source "ChessBase"]
[SourceQuality "1"]
[TimeControl "40/5400+30:1800+30"]

1. e4 {[%emt 0:00:00]} e5 {[%emt 0:00:00]} 2. Nf3 {[%emt 0:00:00]} Nc6 {[%emt 0:00:00]} 3. Bb5 {[%emt 0:00:05]} a6 {[%emt 0:00:00]} 4. Ba4 {[%emt 0:00:16]} Nf6 {[%emt 0:00:00]} 5. O-O {[%emt 0:00:06]} Be7 {[%emt 0:00:07]} 6. d3 {[%emt 0:00:04]} b5 {[%emt 0:01:29]} 7. Bb3 {[%emt 0:00:06]} O-O {[%emt 0:03:43]} 8. h3 d6 {[%emt 0:05:36]} 9. Bd2 {[%emt 0:00:20]} a5 {[%emt 0:03:50]} 10. a3 {[%emt 0:00:07]} a4 {[%emt 0:08:54]} 11. Ba2 {[%emt 0:00:31]} Bd7 {[%emt 0:07:28]} 12. Nc3 {[%emt 0:01:06]} b4 {[%emt 0:00:30]} 13. axb4 {[%emt 0:09:28]} Nxb4 {[%emt 0:00:30]} 14. Bc4 {[%emt 0:00:03]} Qb8 {[%emt 0:24:03]} 15. Be3 {[%emt 0:06:20]} c5 {[%emt 0:08:54]} 16. Qd2 {[%emt 0:02:22]} h6 {[%emt 0:02:53]} 17. Ra3 Bc6 {[%emt 0:06:12]} 18. Rfa1 {[%emt 0:16:18]} d5 {[%emt 0:01:14]} 19. exd5 {[%emt 0:00:04]} Nfxd5 {[%emt 0:08:11]} 20. Nxd5 {[%emt 0:28:49]} Nxd5 {[%emt 0:00:17]} 21. Qe2 {[%emt 0:00:03]} Re8 {[%emt 0:05:19]} 22. Bc1 {[%emt 0:05:37]} Bf6 {[%emt 0:04:16]} 23. Bxd5 {[%emt 0:07:33]} Bxd5 {[%emt 0:00:01]} 24. Rxa4 {[%emt 0:00:10]} Rxa4 {[%emt 0:01:19]} 25. Rxa4 {[%emt 0:00:04]} Qb5 26. Re4 {[%emt 0:05:16]} Bxe4 {[%emt 0:00:54]} 27. Qxe4 Qa6 {[%emt 0:02:06]} 28. Kh2 {[%emt 0:00:51]} Qa8 {[%emt 0:02:40]} 29. Qc4 {[%emt 0:02:06]} Qc6 {[%emt 0:02:07]} 30. Nd2 {[%emt 0:03:27]} Bg5 {[%emt 0:00:45]} 31. h4 {[%emt 0:00:02]} Bxd2 {[%emt 0:00:27]} 32. Bxd2 {[%emt 0:00:02]} e4 {[%emt 0:00:13]} 33. Be3 {[%emt 0:00:06]} exd3 {[%emt 0:01:37]} 34. cxd3 {[%emt 0:00:05]} Rc8 {[%emt 0:00:51]} 35. b3 {[%emt 0:01:13]} Qd6+ {[%emt 0:00:28]} 36. g3 {[%emt 0:00:11]} Rc6 {[%emt 0:00:27]} 37. Kg2 {[%emt 0:00:13]} Qf6 {[%emt 0:00:34]} 38. Bxc5 {[%emt 0:01:16]} Ra6 {[%emt 0:00:31]} 1/2-1/2

[Event "elllobregat Open-A 2019"]
[Site "El Prat de Llobregat"]
[Date "2019.12.06"]
[Round "4.5"]
[White "Akash Pc, Iyer"]
[Black "Puranik, Abhimanyu"]
[Result "0-1"]
[WhiteElo "2415"]
[BlackElo "2580"]
[Annotator "ChessBase"]
[PlyCount "100"]
[EventDate "2019.12.03"]
[EventType "swiss"]
[EventCountry "ESP"]
[SourceTitle "playchess.com"]
[Source "ChessBase"]
[SourceQuality "1"]
[TimeControl "40/5400+30:1800+30"]

1. d4 {[%emt 0:00:00]} Nf6 {[%emt 0:00:00]} 2. c4 {[%emt 0:00:00]} g6 {[%emt 0:00:00]} 3. f3 {[%emt 0:00:00]} d5 {[%emt 0:00:46]} 4. cxd5 {[%emt 0:00:00]} Nxd5 {[%emt 0:00:02]} 5. e4 {[%emt 0:00:02]} Nb6 {[%emt 0:00:03]} 6. Nc3 {[%emt 0:00:08]} Bg7 {[%emt 0:00:05]} 7. Be3 {[%emt 0:00:05]} O-O {[%emt 0:00:08]} 8. Qd2 {[%emt 0:00:08]} Nc6 {[%emt 0:00:09]} 9. O-O-O {[%emt 0:00:10]} Qd6 {[%emt 0:01:15]} 10. Nb5 {[%emt 0:00:32]} Qd7 {[%emt 0:00:12]} 11. f4 {[%emt 0:00:30]} a6 {[%emt 0:05:18]} 12. Nc3 {[%emt 0:00:54]} Rd8 {[%emt 0:01:05]} 13. Nf3 {[%emt 0:03:16]} Qe8 {[%emt 0:01:29]} 14. Qf2 Na7 15. Kb1 {[%emt 0:37:43]} Nb5 {[%emt 0:15:20]} 16. Rc1 f5 {[%emt 0:24:35]} 17. Nd5 {[%emt 0:04:29]} Nxd5 {[%emt 0:09:36]} 18. exd5 {[%emt 0:00:20]} b6 19. Bc4 {[%emt 0:07:35]} Bb7 {[%emt 0:10:05]} 20. d6+ {[%emt 0:07:03]} e6 21. dxc7 {[%emt 0:14:45]} Be4+ {[%emt 0:02:48]} 22. Ka1 {[%emt 0:00:07]} Nxc7 {[%emt 0:00:05]} 23. h4 {[%emt 0:00:21]} Bxf3 {[%emt 0:09:09]} 24. Qxf3 {[%emt 0:02:14]} h5 {[%emt 0:00:18]} 25. Qb7 Rd7 {[%emt 0:12:19]} 26. Qxb6 {[%emt 0:03:33]} Rb8 {[%emt 0:00:57]} 27. Qc6 Qe7 {[%emt 0:03:28]} 28. Bb3 {[%emt 0:04:03]} Nd5 {[%emt 0:01:25]} 29. Rhe1 {[%emt 0:00:01]} Rd6 {[%emt 0:02:49]} 30. Qc5 Qd7 {[%emt 0:00:39]} 31. Bd2 {[%emt 0:01:40]} Kh7 {[%emt 0:00:18]} 32. g3 {[%emt 0:02:01]} Rb5 {[%emt 0:00:25]} 33. Qc4 {[%emt 0:01:44]} Qb7 34. Qc8 {[%emt 0:03:59]} Bxd4 {[%emt 0:01:12]} 35. Qxb7+ {[%emt 0:07:21]} Rxb7 {[%emt 0:00:01]} 36. Re2 {[%emt 0:01:02]} Nf6 {[%emt 0:00:45]} 37. Bc3 {[%emt 0:01:40]} Bxc3 38. Rxc3 Ne4 {[%emt 0:00:54]} 39. Rce3 {[%emt 0:00:32]} Rc7 {[%emt 0:00:21]} 40. Re1 {[%emt 0:00:00]} Kg7 {[%emt 0:00:00]} 41. a3 {[%emt 0:02:04]} Kf6 {[%emt 0:02:52]} 42. Ba2 Rc2 {[%emt 0:02:38]} 43. Bb1 {[%emt 0:01:25]} Rg2 {[%emt 0:00:06]} 44. Bxe4 {[%emt 0:00:06]} fxe4 {[%emt 0:00:02]} 45. Rxe4 {[%emt 0:00:19]} Rxg3 {[%emt 0:00:11]} 46. Re5 {[%emt 0:01:25]} Rg4 {[%emt 0:02:20]} 47. Rg5 Rd5 48. Rxd5 {[%emt 0:04:23]} exd5 {[%emt 0:04:33]} 49. Re5 Rxh4 {[%emt 0:01:01]} 50. Rxd5 {[%emt 0:00:14]} Rxf4 0-1

[Event "elllobregat Open-A 2019"]
[Site "El Prat de Llobregat"]
[Date "2019.12.06"]
[Round "4.6"]
[White "Sosa, Tomas"]
[Black "Raja Rithvik R"]
[Result "0-1"]
[WhiteElo "2520"]
[BlackElo "2381"]
[Annotator "ChessBase"]
[PlyCount "76"]
[EventDate "2019.12.03"]
[EventType "swiss"]
[EventCountry "ESP"]
[SourceTitle "playchess.com"]
[Source "ChessBase"]
[SourceQuality "1"]
[TimeControl "40/5400+30:1800+30"]

1. e4 {[%emt 0:07:13]} c5 {[%emt 0:00:00]} 2. Nf3 {[%emt 0:00:07]} d6 {[%emt 0:00:00]} 3. d4 cxd4 4. Nxd4 {[%emt 0:00:41]} Nf6 {[%emt 0:00:00]} 5. Nc3 {[%emt 0:00:07]} a6 {[%emt 0:00:03]} 6. Nb3 {[%emt 0:00:05]} e6 {[%emt 0:00:58]} 7. g4 {[%emt 0:00:31]} Be7 {[%emt 0:00:00]} 8. g5 Nfd7 {[%emt 0:00:20]} 9. h4 {[%emt 0:04:47]} b5 10. Bg2 {[%emt 0:05:01]} Bb7 {[%emt 0:01:05]} 11. f4 Nc5 12. Be3 {[%emt 0:12:51]} Nbd7 {[%emt 0:21:16]} 13. Qd4 {[%emt 0:02:40]} O-O {[%emt 0:14:34]} 14. O-O-O Rc8 {[%emt 0:14:29]} 15. Kb1 {[%emt 0:05:44]} Qc7 16. Nxc5 {[%emt 0:16:07]} Nxc5 {[%emt 0:00:45]} 17. Rh3 {[%emt 0:24:42]} Rfd8 {[%emt 0:16:44]} 18. h5 Na4 {[%emt 0:01:10]} 19. Bc1 {[%emt 0:01:35]} d5 20. h6 e5 {[%emt 0:05:11]} 21. Qxe5 {[%emt 0:05:56]} Qxe5 {[%emt 0:00:08]} 22. fxe5 {[%emt 0:00:04]} Nxc3+ {[%emt 0:00:09]} 23. bxc3 {[%emt 0:00:39]} dxe4 {[%emt 0:00:04]} 24. Re1 {[%emt 0:00:26]} Rc4 {[%emt 0:11:00]} 25. hxg7 {[%emt 0:01:23]} Bc8 {[%emt 0:00:11]} 26. Rh6 {[%emt 0:00:10]} Bf5 {[%emt 0:02:29]} 27. Rxa6 {[%emt 0:06:56]} b4 28. cxb4 Bxb4 {[%emt 0:04:13]} 29. Re3 {[%emt 0:02:37]} Bc5 {[%emt 0:00:33]} 30. Rf6 {[%emt 0:02:27]} Bxe3 31. Bxe3 {[%emt 0:00:00]} Be6 {[%emt 0:02:40]} 32. Rf4 {[%emt 0:00:35]} Rb4+ {[%emt 0:00:40]} 33. Kc1 Bxa2 34. c3 {[%emt 0:01:08]} Rb1+ {[%emt 0:00:28]} 35. Kc2 {[%emt 0:00:02]} Rdd1 {[%emt 0:00:26]} 36. c4 {[%emt 0:00:48]} Bb3+ {[%emt 0:00:05]} 37. Kc3 Rd3+ {[%emt 0:00:08]} 38. Kb4 {[%emt 0:00:09]} Rxe3 0-1

[Event "elllobregat Open-A 2019"]
[Site "El Prat de Llobregat"]
[Date "2019.12.06"]
[Round "4.7"]
[White "Arizmendi Martinez, Julen Luis"]
[Black "Kobo, Ori"]
[Result "1/2-1/2"]
[WhiteElo "2511"]
[BlackElo "2457"]
[Annotator "ChessBase"]
[PlyCount "79"]
[EventDate "2019.12.03"]
[EventType "swiss"]
[EventCountry "ESP"]
[SourceTitle "playchess.com"]
[Source "ChessBase"]
[SourceQuality "1"]
[TimeControl "40/5400+30:1800+30"]

1. e4 {[%emt 0:00:01]} e5 {[%emt 0:00:00]} 2. Nf3 {[%emt 0:00:23]} Nc6 {[%emt 0:00:00]} 3. Bb5 {[%emt 0:09:31]} a6 {[%emt 0:00:16]} 4. Bxc6 {[%emt 0:06:45]} dxc6 {[%emt 0:00:24]} 5. O-O {[%emt 0:00:07]} f6 {[%emt 0:00:22]} 6. d4 {[%emt 0:00:54]} Bg4 {[%emt 0:00:11]} 7. dxe5 {[%emt 0:03:50]} Qxd1 {[%emt 0:00:31]} 8. Rxd1 {[%emt 0:00:03]} fxe5 {[%emt 0:00:22]} 9. Nbd2 {[%emt 0:12:43]} O-O-O {[%emt 0:01:06]} 10. Re1 {[%emt 0:02:35]} Re8 {[%emt 0:01:22]} 11. h3 {[%emt 0:06:55]} Bh5 {[%emt 0:03:38]} 12. b3 {[%emt 0:02:07]} Nf6 {[%emt 0:05:39]} 13. Bb2 {[%emt 0:04:07]} Bd6 {[%emt 0:08:38]} 14. Nh4 {[%emt 0:09:00]} Nd7 {[%emt 0:10:16]} 15. Bc3 {[%emt 0:19:26]} Bf7 {[%emt 0:07:25]} 16. Nf5 {[%emt 0:01:57]} Bf8 {[%emt 0:02:27]} 17. Nf3 {[%emt 0:00:47]} g6 {[%emt 0:02:52]} 18. Ne3 {[%emt 0:00:18]} Bd6 {[%emt 0:02:27]} 19. Ng5 {[%emt 0:04:55]} Bg8 {[%emt 0:01:24]} 20. Rad1 {[%emt 0:00:27]} h6 {[%emt 0:00:32]} 21. Nf3 {[%emt 0:00:06]} Be6 {[%emt 0:01:51]} 22. Ng4 {[%emt 0:01:22]} Bxg4 {[%emt 0:04:08]} 23. hxg4 {[%emt 0:00:10]} g5 {[%emt 0:08:39]} 24. Nh2 {[%emt 0:06:11]} Nf6 {[%emt 0:03:01]} 25. Rd3 {[%emt 0:00:26]} h5 {[%emt 0:11:44]} 26. gxh5 {[%emt 0:00:03]} Rxh5 {[%emt 0:00:19]} 27. Rf3 {[%emt 0:00:17]} Reh8 {[%emt 0:04:31]} 28. Rxf6 {[%emt 0:00:10]} Rxh2 {[%emt 0:00:03]} 29. Kf1 {[%emt 0:00:24]} R8h4 {[%emt 0:04:11]} 30. g3 {[%emt 0:04:38]} Rh1+ {[%emt 0:00:47]} 31. Kg2 {[%emt 0:00:02]} Rxe1 {[%emt 0:03:56]} 32. gxh4 Rxe4 {[%emt 0:00:09]} 33. h5 {[%emt 0:01:29]} Kd7 {[%emt 0:02:47]} 34. Rg6 {[%emt 0:02:56]} Rg4+ {[%emt 0:03:01]} 35. Kf1 {[%emt 0:01:31]} Rh4 {[%emt 0:05:56]} 36. h6 {[%emt 0:00:45]} Bf8 {[%emt 0:01:32]} 37. Rg7+ {[%emt 0:00:31]} Kd6 {[%emt 0:00:27]} 38. Rg6+ {[%emt 0:00:28]} Kd7 {[%emt 0:00:46]} 39. Rg7+ {[%emt 0:00:33]} Kd6 {[%emt 0:00:12]} 40. Rg6+ {[%emt 0:00:00]} 1/2-1/2

[Event "elllobregat Open-A 2019"]
[Site "El Prat de Llobregat"]
[Date "2019.12.06"]
[Round "4.8"]
[White "Perez Mitjans, Orelvis"]
[Black "Del Rio De Angelis, Salvador G."]
[Result "1/2-1/2"]
[WhiteElo "2412"]
[BlackElo "2507"]
[Annotator "ChessBase"]
[PlyCount "74"]
[EventDate "2019.12.03"]
[EventType "swiss"]
[EventCountry "ESP"]
[SourceTitle "playchess.com"]
[Source "ChessBase"]
[SourceQuality "1"]
[TimeControl "40/5400+30:1800+30"]

1. e4 e6 {[%emt 0:00:01]} 2. d4 {[%emt 0:04:49]} d5 {[%emt 0:00:21]} 3. Nc3 {[%emt 0:00:06]} Bb4 {[%emt 0:00:19]} 4. e5 {[%emt 0:00:07]} c5 {[%emt 0:00:09]} 5. a3 {[%emt 0:00:09]} Bxc3+ {[%emt 0:00:21]} 6. bxc3 {[%emt 0:00:05]} Qa5 {[%emt 0:00:14]} 7. Bd2 {[%emt 0:00:19]} Qa4 {[%emt 0:00:12]} 8. Qb1 {[%emt 0:07:27]} c4 {[%emt 0:00:10]} 9. Nf3 {[%emt 0:01:32]} Nc6 {[%emt 0:01:17]} 10. Be2 {[%emt 0:03:03]} Nge7 {[%emt 0:03:25]} 11. O-O {[%emt 0:00:10]} Bd7 {[%emt 0:00:31]} 12. Nh4 {[%emt 0:03:46]} O-O-O {[%emt 0:00:40]} 13. f4 {[%emt 0:00:05]} Rhg8 {[%emt 0:05:41]} 14. Bg4 {[%emt 0:07:25]} f5 {[%emt 0:01:00]} 15. exf6 {[%emt 0:01:04]} gxf6 {[%emt 0:00:08]} 16. Bh3 {[%emt 0:00:23]} f5 {[%emt 0:03:12]} 17. Nf3 {[%emt 0:01:12]} Kc7 {[%emt 0:06:51]} 18. Ne5 {[%emt 0:00:56]} Nc8 {[%emt 0:00:38]} 19. Be1 {[%emt 0:10:14]} Nd6 {[%emt 0:01:54]} 20. Bh4 {[%emt 0:00:33]} Rde8 {[%emt 0:03:36]} 21. Bf6 {[%emt 0:15:29]} Bc8 {[%emt 0:07:28]} 22. Nxc6 {[%emt 0:00:22]} Kxc6 {[%emt 0:00:14]} 23. Be5 {[%emt 0:00:26]} Ne4 {[%emt 0:01:17]} 24. Qb2 {[%emt 0:02:14]} b6 {[%emt 0:01:40]} 25. Rf3 {[%emt 0:00:38]} Kb7 {[%emt 0:00:56]} 26. Re3 {[%emt 0:00:18]} Bd7 {[%emt 0:01:57]} 27. Qc1 {[%emt 0:02:07]} Re7 {[%emt 0:04:01]} 28. Rb1 {[%emt 0:00:42]} Be8 {[%emt 0:01:37]} 29. Rb4 {[%emt 0:01:58]} Qc6 {[%emt 0:01:56]} 30. Qe1 {[%emt 0:03:48]} Bh5 {[%emt 0:04:02]} 31. g3 {[%emt 0:03:18]} Be8 {[%emt 0:01:16]} 32. Bg2 {[%emt 0:00:07]} h5 {[%emt 0:01:35]} 33. h4 {[%emt 0:03:10]} Rh7 {[%emt 0:00:36]} 34. Kh2 {[%emt 0:03:33]} Rh6 {[%emt 0:01:00]} 35. Qe2 {[%emt 0:08:50]} Qd7 {[%emt 0:02:31]} 36. Rb1 {[%emt 0:10:48]} Qe7 {[%emt 0:04:40]} 37. Ra1 {[%emt 0:00:48]} Rhg6 {[%emt 0:04:12]} 1/2-1/2

[Event "elllobregat Open-A 2019"]
[Site "El Prat de Llobregat"]
[Date "2019.12.06"]
[Round "4.9"]
[White "Gual Pascual, Antonio"]
[Black "Zanan, Evgeny"]
[Result "0-1"]
[WhiteElo "2349"]
[BlackElo "2493"]
[Annotator "RC"]
[PlyCount "96"]
[EventDate "2019.12.03"]
[EventType "swiss"]
[EventCountry "ESP"]
[SourceTitle "playchess.com"]
[Source "ChessBase"]
[SourceQuality "1"]
[TimeControl "40/5400+30:1800+30"]

1. Nf3 {[%emt 0:00:00]} c5 {[%emt 0:02:55]} 2. c4 {[%emt 0:00:09]} Nf6 {[%emt 0:00:16]} 3. Nc3 {[%emt 0:00:47]} d5 {[%emt 0:00:19]} 4. cxd5 {[%emt 0:01:33]} Nxd5 {[%emt 0:00:20]} 5. g3 {[%emt 0:02:47]} Nc6 {[%emt 0:00:24]} 6. Bg2 {[%emt 0:00:30]} Nc7 {[%emt 0:00:05]} 7. d3 {[%emt 0:08:03]} e5 {[%emt 0:01:49]} 8. O-O {[%emt 0:00:17]} Be7 {[%emt 0:00:06]} 9. Bd2 {[%emt 0:00:13]} O-O {[%emt 0:00:35]} 10. a3 {[%emt 0:01:45]} Be6 {[%emt 0:02:43]} 11. Rc1 {[%emt 0:00:26]} Rc8 12. Be1 {[%emt 0:12:53]} Nd5 {[%emt 0:22:56]} 13. Nxd5 {[%emt 0:05:17]} Bxd5 {[%emt 0:00:26]} 14. Bc3 {[%emt 0:00:09]} Qd6 {[%emt 0:04:34]} 15. b4 cxb4 {[%emt 0:00:28]} 16. axb4 {[%emt 0:08:38]} a6 17. Qa4 b5 {[%emt 0:14:16]} 18. Qa1 {[%emt 0:18:27]} f6 {[%emt 0:00:17]} 19. Rfe1 {[%emt 0:05:10]} Qd7 {[%emt 0:12:58]} 20. Rb1 {[%emt 0:04:15]} Ra8 {[%emt 0:03:31]} 21. e4 {[%emt 0:01:22]} Bf7 {[%emt 0:00:31]} 22. d4 {[%emt 0:07:34]} a5 {[%emt 0:00:42]} 23. bxa5 {[%emt 0:00:21]} b4 {[%emt 0:00:05]} 24. d5 {[%emt 0:00:12]} bxc3 {[%emt 0:05:10]} 25. dxc6 {[%emt 0:04:29]} Qxc6 {[%emt 0:00:04]} 26. Bf1 {[%emt 0:02:11]} c2 {[%emt 0:08:24]} 27. Rbc1 {[%emt 0:03:33]} Bb4 {[%emt 0:02:39]} 28. Re2 {[%emt 0:01:31]} Bb3 {[%emt 0:01:55]} 29. Ne1 {[%emt 0:02:50]} Bxa5 {[%emt 0:05:57]} 30. Qb2 {[%emt 0:04:15]} Rab8 {[%emt 0:04:05]} 31. Nxc2 {[%emt 0:01:01]} Bc4 {[%emt 0:00:25]} 32. Ne3 {[%emt 0:01:18]} Rxb2 {[%emt 0:02:39]} 33. Rxb2 {[%emt 0:00:10]} Qxe4 {[%emt 0:00:31]} 34. Bxc4+ {[%emt 0:00:21]} Kh8 {[%emt 0:00:06]} 35. Bd5 {[%emt 0:01:52]} Qd4 {[%emt 0:01:24]} 36. Ra2 {[%emt 0:01:05]} Bb6 {[%emt 0:02:08]} 37. Rb1 {[%emt 0:01:35]} Bc5 {[%emt 0:01:34]} 38. Rc2 {[%emt 0:00:30]} Ba3 {[%emt 0:01:07]} 39. Rb7 {[%emt 0:00:38]} Bd6 {[%emt 0:00:30]} 40. Rc6 {[%emt 0:00:00]} Bb8 {[%emt 0:00:00]} 41. Ra6 {[%emt 0:09:10]} Qc5 {[%emt 0:13:36]} 42. Rc6 {[%emt 0:04:55]} Qa5 {[%emt 0:00:34]} 43. Be4 {[%emt 0:07:54]} Ba7 {[%emt 0:04:28]} 44. Rcc7 {[%emt 0:00:26]} Qe1+ {[%emt 0:00:58]} 45. Kg2 {[%emt 0:01:13]} Bxe3 {[%emt 0:00:04]} 46. Rxg7 {[%emt 0:05:09]} Qxf2+ {[%emt 0:00:14]} 47. Kh3 {[%emt 0:00:05]} Qf1+ {[%emt 0:00:11]} 48. Kh4 {[%emt 0:00:45]} Bg5+ {[%emt 0:00:16] Kh3 Be3+ Bg2 Qf5+ g4 Qd3 Kh4} 0-1

[Event "elllobregat Open-A 2019"]
[Site "El Prat de Llobregat"]
[Date "2019.12.06"]
[Round "4.10"]
[White "Kacharava, Nikolozi"]
[Black "Lagarde, Maxime"]
[Result "0-1"]
[WhiteElo "2416"]
[BlackElo "2655"]
[Annotator "RC"]
[PlyCount "68"]
[EventDate "2019.12.03"]
[EventType "swiss"]
[EventCountry "ESP"]
[SourceTitle "playchess.com"]
[Source "ChessBase"]
[SourceQuality "1"]
[TimeControl "40/5400+30:1800+30"]

1. e4 {[%emt 0:00:00]} c5 {[%emt 0:06:58]} 2. Nf3 {[%emt 0:00:04]} Nc6 {[%emt 0:00:06]} 3. d4 {[%emt 0:00:22]} cxd4 {[%emt 0:00:04]} 4. Nxd4 {[%emt 0:00:14]} Nf6 {[%emt 0:00:02]} 5. Nc3 {[%emt 0:00:26]} d6 {[%emt 0:00:03]} 6. f3 {[%emt 0:00:37]} e5 {[%emt 0:00:04]} 7. Nb3 {[%emt 0:00:28]} Be7 {[%emt 0:00:04]} 8. Be3 {[%emt 0:00:31]} Be6 {[%emt 0:00:04]} 9. Qe2 {[%emt 0:00:49]} O-O {[%emt 0:00:11]} 10. O-O-O {[%emt 0:00:18]} Qc8 {[%emt 0:00:04]} 11. g4 {[%emt 0:00:42]} a5 {[%emt 0:00:27]} 12. g5 {[%emt 0:11:25]} Ne8 {[%emt 0:00:47]} 13. Na4 {[%emt 0:03:12]} Bd8 {[%emt 0:06:53]} 14. Kb1 {[%emt 0:03:25]} b5 {[%emt 0:09:58]} 15. Nc3 {[%emt 0:13:10]} a4 {[%emt 0:09:56]} 16. Nc1 {[%emt 0:04:44]} Na5 {[%emt 0:04:59]} 17. Nd5 {[%emt 0:09:00]} Nc4 {[%emt 0:04:02]} 18. Qf2 {[%emt 0:09:38]} f5 {[%emt 0:09:11]} 19. gxf6 {[%emt 0:10:54]} Nxf6 {[%emt 0:00:40]} 20. Nxf6+ {[%emt 0:00:33]} Bxf6 {[%emt 0:08:16]} 21. Bxc4 {[%emt 0:08:48]} bxc4 {[%emt 0:00:09]} 22. Rxd6 {[%emt 0:01:13]} Be7 {[%emt 0:00:28]} 23. Rb6 {[%emt 0:04:17]} c3 {[%emt 0:03:41]} 24. b3 {[%emt 0:07:35]} axb3 {[%emt 0:00:30]} 25. Nxb3 {[%emt 0:00:24]} Bxb3 {[%emt 0:05:17]} 26. axb3 Ba3 {[%emt 0:01:02]} 27. Rg1 {[%emt 0:04:49]} Bb2 {[%emt 0:02:09]} 28. Rxg7+ {[%emt 0:00:15]} Kxg7 {[%emt 0:00:15]} 29. Qg3+ {[%emt 0:00:17]} Kf7 {[%emt 0:00:04]} 30. Rf6+ {[%emt 0:00:54]} Kxf6 {[%emt 0:00:04]} 31. Qh4+ {[%emt 0:00:39]} Ke6 {[%emt 0:00:16]} 32. Qh3+ {[%emt 0:00:16]} Kd6 {[%emt 0:00:10]} 33. Qh6+ {[%emt 0:00:06]} Qe6 {[%emt 0:00:08]} 34. Bc5+ {[%emt 0:00:11]} Kxc5 {[%emt 0:00:12]} 0-1

[Event "elllobregat Open-A 2019"]
[Site "El Prat de Llobregat"]
[Date "2019.12.06"]
[Round "4.11"]
[White "Gukesh D"]
[Black "Dhulipalla Bala Chandra Prasad"]
[Result "0-1"]
[WhiteElo "2547"]
[BlackElo "2414"]
[Annotator "ChessBase"]
[PlyCount "96"]
[EventDate "2019.12.03"]
[EventType "swiss"]
[EventCountry "ESP"]
[SourceTitle "playchess.com"]
[Source "ChessBase"]
[SourceQuality "1"]
[TimeControl "40/5400+30:1800+30"]

1. e4 {[%emt 0:00:00]} e5 {[%emt 0:00:00]} 2. Nf3 {[%emt 0:00:00]} Nc6 {[%emt 0:00:01]} 3. Bc4 {[%emt 0:00:03]} Nf6 {[%emt 0:00:07]} 4. d3 {[%emt 0:00:15]} Be7 {[%emt 0:00:54]} 5. O-O {[%emt 0:02:31]} O-O {[%emt 0:00:12]} 6. h3 d6 {[%emt 0:02:26]} 7. a4 {[%emt 0:13:46]} Na5 {[%emt 0:05:02]} 8. Ba2 {[%emt 0:00:20]} c5 {[%emt 0:00:07]} 9. Nbd2 {[%emt 0:12:40]} Nc6 {[%emt 0:01:12]} 10. c3 {[%emt 0:00:46]} h6 {[%emt 0:10:32]} 11. Re1 {[%emt 0:07:16]} a6 {[%emt 0:00:16]} 12. Nf1 {[%emt 0:03:37]} Be6 {[%emt 0:02:32]} 13. Ng3 {[%emt 0:06:57]} Qd7 {[%emt 0:03:45]} 14. Nh4 {[%emt 0:05:38]} Rfe8 {[%emt 0:10:38]} 15. Nhf5 {[%emt 0:07:31]} Bf8 {[%emt 0:06:39]} 16. Bb1 {[%emt 0:00:44]} Kh7 {[%emt 0:19:14]} 17. d4 {[%emt 0:06:38]} cxd4 {[%emt 0:06:10]} 18. cxd4 {[%emt 0:00:08]} Bxf5 {[%emt 0:00:24]} 19. Nxf5 {[%emt 0:01:59]} g6 {[%emt 0:00:11]} 20. d5 {[%emt 0:13:22]} gxf5 {[%emt 0:04:37]} 21. dxc6 bxc6 {[%emt 0:00:03]} 22. Ra3 {[%emt 0:03:46]} Kh8 {[%emt 0:15:21]} 23. exf5 {[%emt 0:03:28]} d5 {[%emt 0:01:14]} 24. Rg3 {[%emt 0:00:17]} Rab8 {[%emt 0:00:43]} 25. b3 {[%emt 0:03:40]} c5 {[%emt 0:02:04]} 26. Rge3 {[%emt 0:05:55]} e4 {[%emt 0:06:24]} 27. Bb2 {[%emt 0:01:15]} d4 {[%emt 0:00:01]} 28. Bxe4 {[%emt 0:00:26]} Nxe4 {[%emt 0:00:30]} 29. Rxe4 {[%emt 0:00:05]} Rxe4 {[%emt 0:00:03]} 30. Rxe4 {[%emt 0:00:03]} Qxf5 {[%emt 0:00:48]} 31. Qd3 {[%emt 0:01:49]} Rxb3 {[%emt 0:02:34]} 32. Qxb3 {[%emt 0:00:10]} Qxe4 {[%emt 0:00:02]} 33. Qxf7 {[%emt 0:00:28]} Bg7 {[%emt 0:00:47]} 34. Kh2 {[%emt 0:00:42]} Qc6 {[%emt 0:00:50]} 35. g3 {[%emt 0:00:41]} c4 {[%emt 0:00:28]} 36. Ba3 {[%emt 0:00:30]} Qc8 {[%emt 0:00:35]} 37. Be7 {[%emt 0:00:32]} Qg8 {[%emt 0:00:28]} 38. Qg6 {[%emt 0:00:10]} Qh7 {[%emt 0:00:18]} 39. Qxa6 Qc2 {[%emt 0:00:36]} 40. Kg1 {[%emt 0:00:00]} Qb1+ {[%emt 0:00:00]} 41. Kh2 {[%emt 0:01:27]} Qf5 {[%emt 0:07:34]} 42. Qa8+ {[%emt 0:07:38]} Kh7 {[%emt 0:00:18]} 43. a5 {[%emt 0:01:51]} d3 {[%emt 0:14:29]} 44. Bb4 {[%emt 0:01:52]} c3 {[%emt 0:03:07]} 45. a6 {[%emt 0:00:38]} d2 {[%emt 0:03:05]} 46. Qg2 {[%emt 0:01:06]} d1=Q {[%emt 0:00:00]} 47. a7 {[%emt 0:00:16]} Qa4 {[%emt 0:02:24]} 48. a8=Q {[%emt 0:00:36]} Qxb4 {[%emt 0:00:08]} 0-1